000 01012naa a2200289 c 4500
001 30144
003 ES-MaCES
005 19981124155200.0
008 961024n1995 sp ||| | spa d
035 _aCES19980040925v
040 _aES-MaCES
_bspa
_cES-MaCES
100 1 _aBuesa, Mikel
_98437
245 1 0 _aFactores de localización y comportamiento comercial de las empresas multinacionales en España
_cMikel Buesa, José Molero, Montserrat Casado
504 _aBibliografía: p. 141-142
650 4 _acuadros estadísticos
_928890
650 4 _aEspaña
_926964
650 4 _ainversiones extranjeras
_928175
650 4 _aempresa extranjera
_927140
650 4 _aempresa multinacional
_927142
653 1 0 _aEmpresa
700 1 _aCasado, Montserrat
_99159
700 1 _aMolero, José
_918756
773 0 _tEconomía industrial
_gMadrid. - N. 306 (1995, 6) ; p. 129-142
_w(ES-MaCES)25163
902 _aART Artículo de revista
942 _2CES
_cAR
_h0.0.
999 _c30144
_d30144